Pays avec Plusieures Fuseaux Horraires - Statistiques

Statistiques générales
  • Ce quiz a été pris 136 fois
  • Le résultat moyen est 16 sur 25
Statistiques - réponses
Nombre Pays % Correct
11 Russie
97%
6 Canada
96%
9 Australie
94%
4 Brésil
94%
2 Chine
92%
12 France
87%
4 Mexique
84%
3 Indonésie
83%
9 Royaume-Uni
83%
2 Espagne
71%
2 Afrique du Sud
67%
2 Kazakhstan
67%
2 Mongolie
67%
2 Portugal
65%
5 Nouvelle-Zélande
57%
2 République Démocratique du Congo
55%
5 Danemark
54%
2 Pays-Bas
54%
2 Ukraine
47%
3 Chili
43%
11 États-Unis
41%
2 Micronésie
33%
3 Kiribati
28%
2 Papouasie-Nouvelle-Guinée
28%
2 Équateur
25%
Aucun quiz correspondant
Distribution des résultats
% des personnes avec chaque résultat
Percentile par nombre de réponses
Votre historique - résultats
Vous n’avez pas pris ce quiz